| 000 | 00739cam a2200217 a 4500 | ||
|---|---|---|---|
| 001 | 000006804 | ||
| 005 | 20200929154010.0 | ||
| 008 | 770708s1963 sp 000 0 spa d | ||
| 040 |
_aDO-SdBNP _bspa _cBNPHU |
||
| 082 |
_a946.081 _bS511h, 1963 |
||
| 100 | 1 |
_aSevilla Andres, Diego. _918910 |
|
| 245 | 1 | 0 |
_aHistoria política de la zona roja / _cDiego Sevilla Andres. |
| 250 | _a2a ed. | ||
| 260 |
_aMadrid : _bRialp, _c1963. |
||
| 300 |
_a537 p. ; _c21 cm. |
||
| 490 | 1 | _aLibros de Periodismo Rialp : | |
| 490 | 1 |
_aGrandes Reportajes, _v5 |
|
| 651 | 4 |
_aEspaña _xPolítica Y Gobierno _y1931-1939. _918898 |
|
| 651 | 4 |
_aEspaña _xHistoria _yGUERRA CIVIL, 1936-1939 _93531 |
|
| 830 | 0 |
_aLibros de Periodismo Rialp : _pGrandes Reportajes, _v5 _918911 |
|
| 999 |
_c6592 _d6592 |
||